Canto a Proserpina / (Registro nro. 14025)
[ vista simple ]
| 000 -LIDER | |
|---|---|
| fixed length control field | 00957nam a2200277 4500 |
| 001 - NÚMERO DE CONTROL | |
| Identificador de número de control | 000000081 |
| 003 - IDENTIFICACDOR DE NÚMERO DE CONTROL | |
| control field | DO-SdBNP |
| 005 - DATE AND TIME OF LATEST TRANSACTION | |
| control field | 20240126115028.0 |
| 008 - ELEMENTOS DE LONGITUD FIJA | |
| fixed length control field | 081126s2006 dr ac 000 0 spa d |
| 020 ## - ISBN | |
| Canceled/invalid ISBN | 9945420054 |
| 020 ## - ISBN | |
| Canceled/invalid ISBN | 9789945420050 |
| 040 ## - FUENTE DE CATALOGACIÓN | |
| Agencia que crea de manera original el registro | DO-SdBNP |
| Idioma de catalogación | spa |
| Agencia que realiza la transcripción | BPMSU |
| 082 #4 - NÚMERO DE CLASIFICACIÓN DECIMAL DE DEWEY | |
| Classification number | RD861.44 |
| Item number | T693c 2006 |
| Edition number | 22 |
| 100 1# - ASIENTO PRINCIPAL -- NOMBRE PERSONAL | |
| Nombre personal | Torres, Luis Alfredo, |
| Fechas asociadas con el nombre | 1935-1992. |
| 245 10 - MENCIÓN DE TITULO | |
| Título | Canto a Proserpina / |
| Mención de responsabilidad | Luis Alfredo Torres. |
| Subtítulo | |
| 260 ## - PUBLICACIÓN, DISTRIBUCIÓN, ETC. (PIE DE IMPRENTA) | |
| Lugar de publicación, distribución, etc | San Francisco de Macorís, República Dominicana : |
| Nombre del editor, distribuidor, etc. | Editoral Nacional ; |
| -- | Ángeles de Fierro, |
| Fecha de publicación, distribución, etc | 2006. |
| 300 ## - DESCRIPCIÓN FÍSICA | |
| Extensión | 53 p. : |
| Otros detalles físicos | il., retrs. ; |
| Dimensiones | 18 cm. |
| 490 0# - MENCIÓN DE SERIES | |
| Mención de serie | Poesía esencial dominicana del siglo XX |
| 500 ## - NOTA GENERAL | |
| Nota general | Incluye datos biográficos del autor. |
| 590 ## - NOTA LOCAL | |
| Texto de la nota local | Inventariado, 2024/VM |
| 600 14 - ENCABEZAMIENTO DE MATERIA--NOMBRE PERSONAL | |
| Nombre personal | Torres, Luis Alfredo |
| Subdivisión temática general | Crítica e interpretación |
| 650 #4 - ENCABEZAMIENTO DE MATERIA--TEMÁTICO | |
| Término temático o nombre geográfico como elemento de entrada | Poesía dominicana |
| 650 #4 - ENCABEZAMIENTO DE MATERIA--TEMÁTICO | |
| Término temático o nombre geográfico como elemento de entrada | Literatura dominicana. |
| Subdivisión cronológica | Siglo XX |
| 910 ## - VALIDACIÓN | |
| Validación | VMateo V. Control de calidad. BPMSU |
| 942 ## - ADDED ENTRY ELEMENTS (KOHA) | |
| Source of classification or shelving scheme | Dewey Decimal Classification |
| Koha item type | Libros |
| Withdrawn status | Lost status | Source of classification or shelving scheme | Damaged status | Not for loan | Collection code | Home library | Current library | Date acquired | Total Checkouts | Full call number | Barcode | Date last seen | Price effective from | Koha item type |
|---|---|---|---|---|---|---|---|---|---|---|---|---|---|---|
| Dewey Decimal Classification | Colección Dominicana | Biblioteca Pública Metropolitana Salomé Ureña | Biblioteca Pública Metropolitana Salomé Ureña | 02/09/2022 | BPMSU CD RD863.44 T693c 2006 | BPMSU24010045 | 02/09/2022 | 02/09/2022 | Libros |